| 000 | 01413nam0a2200325 4500 | ||
|---|---|---|---|
| 001 | RU\NLR\bibl\732160 | ||
| 005 | 20260405214626.0 | ||
| 010 |
_a5-8090-0059-2 _92000 |
||
| 021 |
_aRU _b2004-80464 _93970 |
||
| 035 | _a(NLR Aleph) 000722110 | ||
| 090 |
_a709528 _c709528 |
||
| 100 | _a20050305d2005 |||y0rusy50 ca | ||
| 101 | 0 | _arus | |
| 102 | _aRU | ||
| 105 | _aa ||||||||| | ||
| 200 | 1 |
_aБудни военного контразведчика _e(1949-1991) _fЮ.А. Николаев |
|
| 210 |
_aМ. _cО-во изуч. истории отеч. спецслужб _cРусь _d2005 |
||
| 215 |
_a245,[2] с., [24] л. ил., портр. _d21 |
||
| 225 | 1 | _aИз секретных и личных архивов | |
| 300 | _aНа обороте тит. л. в аннот. авт.: Ю.А. Николаев, ген.-лейт. | ||
| 320 | _aБиблиогр. в подстроч. прим. | ||
| 606 | 0 |
_aКонтрразведка советская _jВоспоминания, записки и т.п. _xИстория _z1949 - 1991 _92368481 _3RU\NLR\auth\661413834 |
|
| 686 | _aЦ68,6(2)-1,013 | ||
| 700 | 1 |
_4070 _8rus _7ca _aНиколаев _bЮ. А. _cавтор мемуаров _gЮрий Алексеевич _3RU\NLR\auth\7797569 _980495 |
|
| 801 | 0 |
_aRU _bNLR _c20050305 _grcr |
|
| 801 | 1 |
_aRU _bNLR _c20050305 |
|
| 830 | _aАвт. по кн. | ||
| 942 | _cBOOK | ||
| 980 | _aNB | ||